000 00629nam a22001937a 4500
005 20260515121339.0
010 _aENG-148503
020 _a9789395481953
_c250.00
035 _aEN-132035
037 _bDBAD
082 _aS
100 _aKundu, Anamika
_989114
245 _aJewels From The Treasure Trove /
_cAnamika Kundu
250 _a1st
260 _aPune, Maharashtra
_bVishwakarma Publications
_c2023
270 _a34A/1, Suyog Center, 7th Floor, Gultekadi Marketyard Road, Giridhar Bhavan Chowk,
_bPune, Maharashtra
_e411037
_k9168682200
_minfo@vpindia.co.in
300 _a159p.
_c22cm(pbk)
942 _2ddc
_cEN
_hS
_mKUN
999 _c216216
_d216216